<?xml version="1.0" encoding="UTF-8"?>
<marc:record xmlns:marc="http://www.loc.gov/MARC21/slim">
   <marc:leader>00000nam a2200000 a 4500</marc:leader>
   <marc:datafield ind1="1" ind2=" " tag="100">
      <marc:subfield code="a">Rylance Ulrike</marc:subfield>
      <marc:subfield code="4">aut</marc:subfield>
      <marc:subfield code="e">Verfasser/-in</marc:subfield>
   </marc:datafield>
   <marc:datafield ind1=" " ind2=" " tag="653">
      <marc:subfield code="a">KiJu Krimi</marc:subfield>
   </marc:datafield>
   <marc:datafield ind1="0" ind2="0" tag="245">
      <marc:subfield code="a">Alles kein Problem</marc:subfield>
   </marc:datafield>
   <marc:datafield ind1="0" ind2="0" tag="245">
      <marc:subfield code="b">Penny Pepper 1</marc:subfield>
   </marc:datafield>
   <marc:datafield ind1=" " ind2="1" tag="264">
      <marc:subfield code="b">Dt. Taschenbuch Verl.</marc:subfield>
      <marc:subfield code="c">2020</marc:subfield>
   </marc:datafield>
   <marc:datafield ind1="1" ind2=" " tag="520">
      <marc:subfield code="a">Penny Pepper ist 10 Jahre alt und hat drei große Wünsche (und ungefähr eine Million kleine):1. Einen Hund2. Detektivin werden und Kriminalfälle lösen3. Nicht auf die Geburtstagsparty der Angeberzicke Flora zu müssenWunsch Nummer 3 erfüllt sich schon mal nicht, aber dass Penny ausgerechnet auf Floras Party in ihren ersten großen Fall verwickelt wird, hätte sie nie gedacht. Denn plötzlich verschwindet Geburtstagsgeschenk Dschastin der süßeste Hund der Welt und im Hundekörbchen liegt nur noch ein Erpresserbrief. Und wen beschuldigt Flora als Entführer? Niemanden anderes als Penny . . .</marc:subfield>
   </marc:datafield>
   <marc:datafield ind1=" " ind2=" " tag="020">
      <marc:subfield code="a">9783423761000</marc:subfield>
      <marc:subfield code="9">9783423761000</marc:subfield>
   </marc:datafield>
</marc:record>
